000 00683nam a22002417a 4500
003 UA-OsUOA
001 32236
007 ta
008 20050127b un ||||| |||| 00| 0 ukr d
090 _a141.82
_bЛ45
942 _cBK
040 _aUA-OsUOA
_brus
_cUA-OsUOA
_dUA-OsUOA
245 _aЛенин и ВЧК
_bСборник документов (1917-1922 гг.)
_cРед. В. П.Пирожков Д. И.Антонюк Ю. А.Ахапкини др.
300 _a642 с.
955 _a0
041 _arus
080 _a141.82
260 _aМосква
_bПролитиздат
_c1987
044 _aRU
250 _n2-е изд., доп.
650 7 _2UDC
999 _c318675
_d318675